000 00804cab a2200253 4500
001 WB2832-04
008 090401t1992 xxu||||| |||| 00| 0 eng d
035 _a(Sirsi) u65496
041 _aeng
245 _aCourt rules change proposed
260 _c1992
350 _a0
490 _aArchitects` Journal
_v196(8) 19 August 1992, 7(1)
520 _aThe Official Referees Solicitors Association is arguing for a change in the way interim payment applications are handled during building contract disputes.
650 _aCONSTRUCTION DISPUTES
650 _aCONTRACT CLAIMS
650 _aINTERIM PAYMENTS
650 _aOFFICIAL REFEREES COURTS
650 _aORSA
650 _aPRE-TRIAL PAYMENTS
690 _aBUILT ENVIRONMENT-BUILDING CONTRACT FORMS
942 _n0
948 _c04/03/1997
999 _c40840
_d40840